<?xml version="1.0" encoding="UTF-8"?><?xml-stylesheet type="text/xsl" href="static/style.xsl"?><OAI-PMH xmlns="http://www.openarchives.org/OAI/2.0/" xmlns:xsi="http://www.w3.org/2001/XMLSchema-instance" xsi:schemaLocation="http://www.openarchives.org/OAI/2.0/ http://www.openarchives.org/OAI/2.0/OAI-PMH.xsd"><responseDate>2026-06-01T09:06:29Z</responseDate><request verb="GetRecord" identifier="oai:riuma.uma.es:10630/44855" metadataPrefix="marc">https://riuma.uma.es/rest/oai/request</request><GetRecord><record><header><identifier>oai:riuma.uma.es:10630/44855</identifier><datestamp>2026-01-27T00:45:29Z</datestamp><setSpec>com_10630_2254</setSpec><setSpec>col_10630_37953</setSpec></header><metadata><record xmlns="http://www.loc.gov/MARC21/slim" xmlns:dcterms="http://purl.org/dc/terms/" xmlns:doc="http://www.lyncode.com/xoai" xmlns:xsi="http://www.w3.org/2001/XMLSchema-instance" xsi:schemaLocation="http://www.loc.gov/MARC21/slim http://www.loc.gov/standards/marcxml/schema/MARC21slim.xsd">
   <leader>00925njm 22002777a 4500</leader>
   <datafield ind2=" " ind1=" " tag="042">
      <subfield code="a">dc</subfield>
   </datafield>
   <datafield ind2=" " ind1=" " tag="720">
      <subfield code="a">Salazar-Frías, Daniel</subfield>
      <subfield code="e">author</subfield>
   </datafield>
   <datafield ind2=" " ind1=" " tag="720">
      <subfield code="a">Funes, Maria Jesus</subfield>
      <subfield code="e">author</subfield>
   </datafield>
   <datafield ind2=" " ind1=" " tag="720">
      <subfield code="a">Szot, Ana Clara</subfield>
      <subfield code="e">author</subfield>
   </datafield>
   <datafield ind2=" " ind1=" " tag="720">
      <subfield code="a">Laffarga, Lucia</subfield>
      <subfield code="e">author</subfield>
   </datafield>
   <datafield ind2=" " ind1=" " tag="720">
      <subfield code="a">Navarro-Egido, Alba</subfield>
      <subfield code="e">author</subfield>
   </datafield>
   <datafield ind2=" " ind1=" " tag="720">
      <subfield code="a">Rodriguez-Bailon, Maria</subfield>
      <subfield code="e">author</subfield>
   </datafield>
   <datafield ind2=" " ind1=" " tag="260">
      <subfield code="c">2024</subfield>
   </datafield>
   <datafield ind2=" " ind1=" " tag="520">
      <subfield code="a">Objective: Deficits in online self-awareness (SA) are common after acquired brain injury (ABI), leading to safety concerns and impacting daily
activities and rehabilitation outcomes. Early identification is recommended as a critical first step in cognitive rehabilitation following ABI. The
aim of this observational study was to examine differences in online SA and strategy use between individuals with ABI and healthy controls.
It also investigated whether online SA moderates the relationship between strategy use and performance accuracy on a test designed to assess cognitive-functional deficits.
Method: 80 individuals with ABI and 76 controls completed the Spanish Weekly Calendar Planning Activity-10. Measures of online SA included strategy use and self-recognized errors assessed during task. An after-task interview assessed individuals’ self-evaluation of task difficulty and accuracy of performance.
Results: Individuals with ABI performed worse than controls on most measures of online SA. They were less likely to self-recognize errors and use self-monitoring strategies. They also tended to overestimate their performance and showed greater discrepancy between self-rated and actual performance. Moderation analyses show that better performance was significantly associated with greater strategy use among ABI individuals who were aware of their performance.
Conclusions: Online SA appears to moderate the use of cognitive strategies during functional cognitive performance after ABI. Therefore, it is important to include assessments of online SA and strategy use for individuals with ABI. Furthermore, these findings highlight the importance of focusing on SA and self-generated strategies as key goals of cognitive rehabilitation aimed at improving daily functioning after ABI.</subfield>
   </datafield>
   <datafield ind1="8" ind2=" " tag="024">
      <subfield code="a">Salazar-Frías, D., Funes, M. J., Szot, A. C., Laffarga, L., Navarro-Egido, A., &amp; Rodríguez-Bailón, M. (2024). The Moderating Role of Online Awareness in the Association between Strategy Use and Performance Accuracy on a Test of Functional Cognition in Individuals with Acquired Brain Injury. Archives of Clinical Neuropsychology: The Official Journal of the National Academy of Neuropsychologists, acae114. https://doi.org/10.1093/arclin/acae114</subfield>
   </datafield>
   <datafield ind1="8" ind2=" " tag="024">
      <subfield code="a">https://hdl.handle.net/10630/44855</subfield>
   </datafield>
   <datafield ind1="8" ind2=" " tag="024">
      <subfield code="a">10.1093/arclin/acae114</subfield>
   </datafield>
   <datafield tag="653" ind2=" " ind1=" ">
      <subfield code="a">Isquemia cerebral - Fisioterapia</subfield>
   </datafield>
   <datafield ind2="0" ind1="0" tag="245">
      <subfield code="a">The Moderating Role of Online Awareness in the Association between Strategy Use and Performance Accuracy on a Test of Functional Cognition in Individuals with Acquired Brain Injury</subfield>
   </datafield>
</record>
</metadata></record></GetRecord></OAI-PMH>